| 000 | 01390nam a2200337Ia 4500 | ||
|---|---|---|---|
| 001 | ebr10146739 | ||
| 003 | CaPaEBR | ||
| 005 | 20251022014514.0 | ||
| 006 | m u | ||
| 007 | cr cn||||||||| | ||
| 008 | 060113s2006 ne a s 100 0 eng d | ||
| 020 | _z1586035606 | ||
| 020 | _z9781586036638 | ||
| 040 |
_aCaPaEBR _cCaPaEBR |
||
| 035 | _a(OCoLC)647603763 | ||
| 050 | 1 | 4 |
_aQ334 _b.C37 2006eb |
| 082 | 0 | 4 |
_a006.3 _222 |
| 090 |
_c152645 _d123897 |
||
| 245 | 0 | 0 |
_aArtificial intelligence research and development _h[electronic resource] / _cedited by Beatriz L?opez ... [et al.]. |
| 260 |
_aAmsterdam ; _aWashington, DC : _bIOS Press, _cc2006. |
||
| 300 |
_axi, 318 p. : _bill. |
||
| 490 | 1 |
_aFrontiers in artificial intelligence and applications ; _vv. 146 |
|
| 533 |
_aElectronic reproduction. _bPalo Alto, Calif. : _cebrary, _d2009. _nAvailable via World Wide Web. _nAccess may be limited to ebrary affiliated libraries. |
||
| 650 | 0 |
_aArtificial intelligence _vCongresses. _9139785 |
|
| 650 | 0 |
_aInformation technology. _94085 |
|
| 655 | 7 |
_aElectronic books. _2local _9190 |
|
| 700 | 1 |
_aL?opez, Beatriz. _9199283 |
|
| 710 | 2 |
_aebrary, Inc. _9191 |
|
| 830 | 0 |
_aFrontiers in artificial intelligence and applications ; _vv. 146. _9139845 |
|
| 856 | 4 | 0 |
_uhttp://site.ebrary.com/lib/strathmore/Doc?id=10146739 _zAn electronic book accessible through the World Wide Web; click to view |
| 999 |
_c152645 _d123897 |
||